00318nam a2200133Ia 4500003000400000005001700004008004100021040000900062082001500071100001500086245004100101260003300142300000900175OSt20210121112143.0190216s9999||||xx |||||||||||||| ||und|| coclc a612bBYK/T aBykov, K M 0aText Book Of Physiology /cK M Bykov bPeace Publications,aMoscow: a755p